Adivina los países que emergen - Estadísticas

Estadísticas generales
  • Esta prueba ha sido intentada 693 veces
  • La puntuación promedio es 8 de 16
Respuestas en el mapa
Las respuestas están codificadas por una escala verde-roja en el mapa de la prueba según el % correcto abajo.
 
Estadísticas de respuestas
Pays % Correcto
Suecia
100%
Suiza
100%
Marruecos
88%
Belice
86%
México
86%
Myanmar
83%
Somalia
83%
Argentina
80%
Nueva Zelanda
80%
Perú
80%
Uzbekistán
80%
India
78%
Siria
77%
Catar
75%
Croacia
75%
Eritrea
75%
Etiopía
75%
Japón
75%
Jordania
75%
Kazajistán
75%
Noruega
75%
Pakistán
75%
República Dominicana
75%
Tailandia
75%
Armenia
73%
Gambia
73%
Moldavia
73%
Venezuela
73%
Austria
71%
Chad
71%
Togo
71%
Angola
70%
Israel
70%
Francia
69%
Bosnia y Herzegovina
67%
Chile
67%
Dinamarca
67%
España
67%
Lituania
67%
Sri Lanka
67%
Ucrania
67%
Alemania
64%
Brasil
63%
Níger
63%
Senegal
63%
Vietnam
63%
Mauritania
62%
Chipre
60%
Cuba
60%
Ghana
60%
Kuwait
60%
Libia
60%
Mozambique
60%
Reino Unido
60%
República Centroafricana
60%
Sudáfrica
60%
Albania
57%
Papúa Nueva Guinea
57%
Paraguay
57%
Bulgaria
56%
Emiratos Árabes Unidos
56%
Irán
56%
Islandia
56%
Argelia
55%
Australia
50%
China
50%
Corea del Norte
50%
Egipto
50%
Eslovenia
50%
Gabón
50%
Georgia
50%
Haití
50%
Irlanda
50%
Italia
50%
Kirguistán
50%
Malí
50%
Mónaco
50%
Omán
50%
Portugal
50%
Rusia
50%
Sudán del Sur
50%
Estonia
46%
Malasia
46%
Túnez
46%
Colombia
45%
Estados Unidos
44%
Guatemala
44%
Libano
44%
Trinidad y Tobago
44%
Azerbaiyán
43%
Benín
43%
Letonia
43%
Botsuana
42%
Arabia Saudita
40%
Brunéi
40%
Camerún
40%
Chequia
40%
Taiwán
40%
Vaticano
40%
Afganistán
38%
Bolivia
38%
Ecuador
38%
Madagascar
38%
Malaui
38%
Nigeria
38%
Burundi
33%
El Salvador
33%
Guyana
33%
Irak
33%
Namibia
33%
República Democrática del Congo
33%
Tayikistán
33%
Turquía
33%
Zimbabue
33%
Bangladesh
30%
Corea del Sur
30%
Liberia
30%
Uruguay
30%
Guinea
29%
Jamaica
29%
Congo
27%
Costa de Marfil
25%
Kenia
25%
Laos
25%
Lesoto
25%
Nepal
20%
Tanzania
20%
Malta
18%
Costa Rica
17%
Finlandia
17%
Nicaragua
17%
Panamá
17%
Yemen
17%
Sierra Leona
15%
Países Bajos
14%
Grecia
11%
Honduras
10%
Bélgica
0%
Polonia
0%
Yibouti
0%
Zambia
0%
No se encontraron pruebas coincidentes
Distribución de puntuación
Porcentaje de gente con cada puntuación
Porcentaje por número respondido
Historial de tus puntuaciones
No has intentado esta prueba.